Introduction to Probability & statistic (Record no. 4967)

MARC details
000 -LEADER
fixed length control field 00429nam a22001697a 4500
005 - DATE AND TIME OF LATEST TRANSACTION
control field 20210910102138.0
008 - FIXED-LENGTH DATA ELEMENTS--GENERAL INFORMATION
fixed length control field 160630b xxu||||| |||| 00| 0 eng d
020 ## - INTERNATIONAL STANDARD BOOK NUMBER
ISBN 978-007-860501-5
041 ## - LANGUAGE CODE
Language code of text/sound track or separate title eng
082 ## - DEWEY DECIMAL CLASSIFICATION NUMBER
Item number 20038
Classification number 519.2
100 ## - MAIN ENTRY--AUTHOR NAME
Personal name Lipschutz, Seymour
245 ## - TITLE STATEMENT
Title Introduction to Probability & statistic
260 ## - PUBLICATION, DISTRIBUTION, ETC. (IMPRINT)
Name of publisher Mc graw Hill
Year of publication 2014
300 ## - PHYSICAL DESCRIPTION
Number of Pages 358
650 ## - SUBJECT ADDED ENTRY--TOPICAL TERM
Topical Term Diploma Engineering
942 ## - ADDED ENTRY ELEMENTS (KOHA)
Koha item type Books
Holdings
Lost status Damaged status Home library Shelving location Date acquired Cost, normal purchase price Full call number Accession Number Koha item type Collection code Current library Source of acquisition
    JRU Library Shelf - 11 - J 30/06/2016 1090.00 519.2 20038 Books      
    JRU Library SHELF-75-G 30/06/2016 1090.00 519.2 20039 Books MANAGEMENT JRU Library  
    JRU Library SHELF-75-G 30/06/2016 1090.00 519.2 20040 Books MANAGEMENT JRU Library  
    JRU Library SHELF-75-G 30/06/2016 1090.00 519.2 20041 Books MANAGEMENT JRU Library  
    JRU Library SHELF-30-A 30/06/2016 1090.00 519.2 20042 Books Reference    
    JRU Library SHELF-75-G 30/06/2016 1090.00 519.2 20043 Books MANAGEMENT JRU Library  
    JRU Library SHELF-75-G 30/06/2016 1090.00 519.2 20044 Books MANAGEMENT JRU Library  
    JRU Library SHELF-75-G 30/06/2016 1090.00 519.2 20045 Books MANAGEMENT JRU Library  
    JRU Library SHELF-70 E 30/06/2016 1090.00 519.2 20046 Books      
    JRU Library SHELF-75-G 30/06/2016 1090.00 519.2 20047 Books MANAGEMENT JRU Library  
    JRU Library SHELF-75-G 30/06/2016 1090.00 519.2 20048 Books MANAGEMENT JRU Library PURCHESS